| 000 -CABECERA |
| Longitud fija campo de control |
01262nam a22002417a 4500 |
| 003 - IDENTIFICADOR DEL NÚMERO DE CONTROL |
| Identificador del número de control |
OSt |
| 005 - FECHA Y HORA DE LA ÚLTIMA TRANSACCIÓN |
| Fecha y hora de la última transacción |
20151026133603.0 |
| 008 - CÓDIGOS DE INFORMACIÓN DE LONGITUD FIJA |
| Códigos de información de longitud fija |
130716s2012 sp ||||| |||| 00| 0 spa d |
| 040 ## - FUENTE DE LA CATALOGACIÓN |
| Centro transcriptor |
CDMR |
| 100 1# - PUNTO DE ACCESO PRINCIPAL-NOMBRE DE PERSONA |
| 9 (RLIN) |
3953 |
| Nombre de persona |
Martínez Rubio, María Rosa |
| 245 10 - MENCIÓN DE TÍTULO |
| Título |
Uso de las fuentes de información en las noticias locales de la prensa española |
| Resto del título |
: Comunidad Valenciana, 2006-2010 |
| Mención de responsabilidad, etc. |
María Rosa Martínez Rubio ; José Antonio Ontalba Ruipérez y Enrique Orduña Malea (directores) |
| Medio |
[recurs electrònic] |
| 260 ## - PUBLICACIÓN, DISTRIBUCIÓN, ETC. (PIE DE IMPRENTA) |
| Nombre del editor, distribuidor, etc. |
Universitat Politècnica de València |
| Fecha de publicación, distribución, etc. |
2012 |
| 502 ## - NOTA DE TESIS |
| Nota de tesis |
TEsi defensada el 16 de novembre de 2012, |
| Nombre de la institución que otorga el tí,tulo |
Universitat Politècnica de València. Departamento de Comunicación Audiovisual, Documentación e Historia del Arte - Departament de Comunicació Audiovisual, Documentació i Història de l'Art |
| 650 04 - PUNTO DE ACCESO ADICIONAL DE MATERIA - TÉRMINO DE MATERIA |
| 9 (RLIN) |
3564 |
| Término de materia o nombre geográfico como elemento inicial |
Periodisme |
| Subdivisión de materia general |
Fonts d'informació |
| 650 04 - PUNTO DE ACCESO ADICIONAL DE MATERIA - TÉRMINO DE MATERIA |
| 9 (RLIN) |
2605 |
| Término de materia o nombre geográfico como elemento inicial |
Documentació |
| 650 04 - PUNTO DE ACCESO ADICIONAL DE MATERIA - TÉRMINO DE MATERIA |
| 9 (RLIN) |
3311 |
| Término de materia o nombre geográfico como elemento inicial |
Premsa |
| Subdivisión geográfica |
Comunitat Valenciana |
| 650 04 - PUNTO DE ACCESO ADICIONAL DE MATERIA - TÉRMINO DE MATERIA |
| 9 (RLIN) |
2994 |
| Término de materia o nombre geográfico como elemento inicial |
Tesis i dissertacions acadèmiques |
| 700 1# - PUNTO DE ACCESO ADICIONAL - NOMBRE DE PERSONA |
| 9 (RLIN) |
3954 |
| Nombre de persona |
Ontalba Ruipérez, José Antonio |
| 700 1# - PUNTO DE ACCESO ADICIONAL - NOMBRE DE PERSONA |
| 9 (RLIN) |
3955 |
| Nombre de persona |
Orduña Malea, Enrique |
| 710 2# - PUNTO DE ACCESO ADICIONAL - NOMBRE DE ENTIDAD |
| 9 (RLIN) |
3956 |
| Nombre de entidad o nombre de jurisdicción como elemento inicial |
Universitat Politècnica de València |
| 856 ## - LOCALIZACIÓN Y ACCESO ELECTRÓNICO |
| Identificador Uniforme del Recurso (URI) |
<a href="http://riunet.upv.es/handle/10251/18236">http://riunet.upv.es/handle/10251/18236</a> |
| Texto del enlace |
Disponible en línia (UPV) |
| 942 ## - ENTRADA DE ELEMENTOS AGREGADOS (KOHA) |
| Fuente de clasificaión o esquema |
|
| Koha [por defecto] tipo de item |
Tesines en línia |